LEADER 00722nam a2200181 i 4500 001 000000152964 003 CaOOAMICUS 005 20060908000000.0 008 060908n it u000 u cat u 013 $a130305 040 $aSeMil$bita 245 10$aPsalms 73.-150. 490 0 $aLa Biblia : versió dels textos originals i comentari pels monjos de Montserrat ;$v10. 773 0 $aUbach, Bonaventura$tPsalteri.$g2$w()16316 830 3$aLa Biblia : versió dels textos originals i comentari pels monjos de Montserrat ;$v10.$0(OLS)http://semarc/title/21585 850 $aSeMil 852 $aSeMil$W1$xVenegono$y1$m2W V 111$j104908$B104908$CSeMilBibl$Z2$F114172 $81 996 $6245$aPsalms 73.-150$9(OLS)http://semarc/title/223733 LEADER 00564nab a2200145 i 4500 001 000000311221 003 CaOOAMICUS 005 20180831173028.0 008 180831n xx uu u0 0und r 013 $a20309 040 $aSeMil$bita 100 1 $aMagistretti, Marco,$d<1862-1921>.$0(OLS)http://semarc/name/3964 245 10$aDella nuova Edizione Tipica del Messale Ambrosiano. (Appunti e documenti) 773 0 $t[Gennaio-Giugno].$g356-375, 453-47$w()274179 996 $6245$aDella nuova Edizione Tipica del Messale Ambrosiano. (Appunti e documenti)$9(OLS)http://semarc/title/385859